Légendes Pokémon Fildrong 🧂 - Statistiques

Statistiques générales
  • Ce quiz a été pris 474 fois
  • Le résultat moyen est 13 sur 25
Statistiques - réponses
Par images Réponse % Correct
Bitentronc
99%
Bitenbois
97%
Ernestine
88%
Michel Trou
88%
Pichon
72%
Dieutronc
66%
Karma
60%
Napoléon
58%
Chenipou
56%
Eudes Cruz
55%
Beplusba
51%
Cleaver
51%
HoOhOohAha
50%
Kwakwa
49%
Bob McGowan
46%
Pipi
41%
Tchoutchou
39%
Roger Satan
38%
Jean John
37%
Poutriflor
35%
Frisbite
32%
Ripostier
29%
Leon Cruz
27%
Chauvkipeu
26%
Flabishplouk
12%
Aucun quiz correspondant
Distribution des résultats
% des personnes avec chaque résultat
Percentile par nombre de réponses
Votre historique - résultats
Vous n’avez pas pris ce quiz